|
|
|
|
| LEADER |
01711nam a2200301 a 4500 |
| 001 |
3086361 |
| 008 |
090823r20021999maua b 001 0 eng d |
| 010 |
|
|
|a 98003887
|
| 020 |
|
|
|a 8178085674
|
| 020 |
|
|
|a 020187072X
|
| 040 |
|
|
|a DLC
|c DLC
|d DLC
|
| 082 |
0 |
0 |
|a 519.4
|2 21
|
| 100 |
1 |
|
|a Gerald, Curtis F.,
|d 1915-
|
| 245 |
1 |
0 |
|a Applied numerical analysis /
|c Curtis F. Gerald, Patrick O. Wheatley.
|
| 250 |
|
|
|a 6th ed.
|
| 260 |
|
|
|a Reading, Mass. :
|b Addison-Wesley, ;
|a New Delhi :
|b Pearson Eduction Asia,
|c c1999. [Reprinted 2002]
|
| 300 |
|
|
|a 1 v. (various pagings) :
|b ill. ;
|c 24 cm.
|
| 504 |
|
|
|a Includes bibliographical references and index.
|
| 541 |
1 |
|
|e 00009129
|
| 650 |
|
0 |
|a Numerical analysis.
|
| 700 |
1 |
|
|a Wheatley, Patrick O.
|
| 852 |
4 |
|
|a Ayesha Abed Library
|j General shelf
|
| 999 |
|
|
|c 3357
|d 3357
|
| 952 |
|
|
|0 0
|1 0
|2 ddc
|4 0
|6 519_400000000000000_GER_2002
|7 0
|9 3048
|a BRACUL
|b BRACUL
|c GEN
|d 2009-08-31
|g 0.00
|l 1
|o 519.4 GER
|p 3010009129
|r 2017-11-02
|s 2017-10-26
|t 1
|w 2009-08-31
|y BK
|x No price found in the accession register.
|
| 952 |
|
|
|0 0
|1 0
|2 ddc
|4 0
|6 519_400000000000000_GER_2002
|7 0
|9 8824
|a BRACUL
|b BRACUL
|c GEN
|d 2010-03-28
|l 4
|m 28
|o 519.4 GER
|p 3010009125
|r 2016-12-06
|s 2016-08-03
|t 2
|w 2010-03-28
|y BK
|
| 952 |
|
|
|0 0
|1 0
|2 ddc
|4 0
|6 519_400000000000000_GER_2002
|7 0
|9 9854
|a BRACUL
|b BRACUL
|c GEN
|d 2010-05-06
|l 1
|m 25
|o 519.4 GER
|p 3010009128
|r 2022-11-07
|s 2022-06-15
|t 3
|w 2010-05-06
|y BK
|
| 952 |
|
|
|0 0
|1 0
|2 ddc
|4 0
|6 519_400000000000000_GER_2002
|7 0
|9 9855
|a BRACUL
|b BRACUL
|c GEN
|d 2010-05-06
|l 1
|o 519.4 GER
|p 3010009126
|r 2020-02-25
|s 2020-02-24
|t 4
|w 2010-05-06
|y BK
|
| 952 |
|
|
|0 0
|1 0
|2 ddc
|4 0
|6 519_400000000000000_GER_2002
|7 0
|9 9859
|a BRACUL
|b BRACUL
|c GEN
|d 2010-05-06
|l 2
|m 16
|o 519.4 GER
|p 3010009127
|r 2017-01-01
|s 2016-09-22
|t 5
|w 2010-05-06
|y BK
|